|
|
|
|
| LEADER |
01601nam a2200409 i 4500 |
| 001 |
EBC4697126 |
| 003 |
MiAaPQ |
| 005 |
20200520144314.0 |
| 006 |
m o d | |
| 007 |
cr cnu|||||||| |
| 008 |
161010r20111990cau ob 001 0 eng d |
| 020 |
|
|
|z 9781853960888
|
| 020 |
|
|
|a 9781473914148 (e-book)
|
| 035 |
|
|
|a (MiAaPQ)EBC4697126
|
| 035 |
|
|
|a (Au-PeEL)EBL4697126
|
| 035 |
|
|
|a (CaPaEBR)ebr11270923
|
| 035 |
|
|
|a (OCoLC)900322951
|
| 040 |
|
|
|a MiAaPQ
|b eng
|e rda
|e pn
|c MiAaPQ
|d MiAaPQ
|
| 050 |
|
4 |
|a HF5500
|b .M396 2011
|
| 082 |
0 |
|
|a 658.409
|2 23
|
| 100 |
1 |
|
|a Mayon-White, Bill,
|e author.
|
| 245 |
1 |
0 |
|a Study skills for managers /
|c Bill Mayon-White.
|
| 264 |
|
1 |
|a Los Angeles, [California] :
|b SAGE,
|c 2011.
|
| 264 |
|
4 |
|c 1990
|
| 300 |
|
|
|a 1 online resource (105 pages)
|
| 336 |
|
|
|a text
|2 rdacontent
|
| 337 |
|
|
|a computer
|2 rdamedia
|
| 338 |
|
|
|a online resource
|2 rdacarrier
|
| 504 |
|
|
|a Includes bibliographical references and index.
|
| 588 |
|
|
|a Description based on online resource; title from PDF title page (ebrary, viewed October 7, 2016).
|
| 590 |
|
|
|a Electronic reproduction. Ann Arbor, MI : ProQuest, 2016. Available via World Wide Web. Access may be limited to ProQuest affiliated libraries.
|
| 650 |
|
0 |
|a Executives.
|
| 650 |
|
0 |
|a Study skills.
|
| 655 |
|
4 |
|a Electronic books.
|
| 776 |
0 |
8 |
|i Print version:
|a Mayon-White, Bill.
|t Study skills for managers.
|d Los Angeles, [California] : SAGE, 2011 c1990
|h xv, 88 pages
|z 9781853960888
|
| 797 |
2 |
|
|a ProQuest (Firm)
|
| 856 |
4 |
0 |
|u https://ebookcentral.proquest.com/lib/matrademy/detail.action?docID=4697126
|z Click to View
|